Peritoneo / (Registro nro. 189)
[ vista simple ]
| 000 -LEADER | |
|---|---|
| fixed length control field | 00836 am a2200277 a 4500 |
| 005 - FECHA ULTIMA MODIFICACION | |
| control field | 20240522085806.0 |
| 008 - CAMPO DE CONTROL (LIBRO) | |
| fixed length control field | 100329s1992||||ag a f |||| 001 0 spa d |
| 020 ## - INTERNATIONAL STANDARD BOOK NUMBER | |
| ISBN | 9509715204 |
| 041 ## - CODIGO DE IDIOMA | |
| Código de idioma del texto/pista de sonido o título separado | spa |
| 092 ## - SIGNATURA TOPOGRAFICA DEWEY LOCAL | |
| número de clasificación | 611.3 |
| libristica | 68 |
| sección | PON |
| 100 1# - ENTRADA PRINCIPAL--NOMBRE PERSONAL | |
| Nombre personal | Ponisio, Victor María |
| 9 (RLIN) | 380 |
| 245 ## - TITULO PROPIAMENTE DICHO | |
| Título | Peritoneo / |
| Mención de responsabilidad y remanente de la transcripción de la portada | Victor María Ponisio |
| 250 ## - MENCION DE EDICION | |
| Mención de edición | 1a ed. |
| 260 ## - PIE DE IMPRENTA | |
| Lugar de publicación, distribución, etc | La Plata [Arg.]: |
| Nombre de la editorial, distribuidor, etc | Ediciones Sur; |
| Fecha de publicación | 1992. |
| 300 ## - DESCRIPCION FISICA | |
| Extension | 151 p. |
| 500 ## - NOTA GENERAL | |
| Nota general | Ponisio, V. M., Cerezo, M. H. y Hijano, J. C. (1992). Peritoneo. (1a ed.). La Plata : Ediciones Sur. |
| 590 ## - NOTAS LOCALES (RLIN) | |
| Nota local | Donación J. M. Alfonso, Mayo 2008 |
| 653 ## - TÉRMINO INDIZADO - PALABRAS CLAVES | |
| Palabra clave | Peritoneo |
| 653 ## - TÉRMINO INDIZADO - PALABRAS CLAVES | |
| Palabra clave | Embriología |
| 653 ## - TÉRMINO INDIZADO - PALABRAS CLAVES | |
| Palabra clave | Anatomía |
| 653 ## - TÉRMINO INDIZADO - PALABRAS CLAVES | |
| Palabra clave | Aplicaciones quirúrgicas |
| 700 1# - ENTRADAS SECUNDARIAS - NOMBRE PERSONAL | |
| Nombre personal | Cerezo, Marcelo Héctor. |
| 9 (RLIN) | 381 |
| 700 1# - ENTRADAS SECUNDARIAS - NOMBRE PERSONAL | |
| Nombre personal | Hijano, Julio César. |
| 9 (RLIN) | 382 |
| 930 ## - NUMERO DE INVENTARIO | |
| Número de inventario | 1928 |
| 942 ## - ADDED ENTRY ELEMENTS (KOHA) | |
| Source of classification or shelving scheme | Dewey Decimal Classification |
| Item type | Libros |
| Estado de retiro | Existencia | Estado general | No para prestamo | Ubicación permanente | ubicación actual | Sala de ubicación | Fecha de adquisición | Total Checkouts | Número de clasificación | Código de barras | Date last seen | Date last borrowed | Número de ejemplar | Price effective from | Koha tipo de elemento (item) |
|---|---|---|---|---|---|---|---|---|---|---|---|---|---|---|---|
| Biblioteca Medicina | Biblioteca Medicina | Circulación | 13/05/2011 | 21 | 611.3 68 PON | 1928 | 10/09/2024 | 03/09/2024 | ej.1 | 13/05/2011 | Libros |